|
|
|
|
| LEADER |
00000nab a2200000 a 4500 |
| 001 |
vtls000747092 |
| 003 |
SK-MaSNL |
| 005 |
20260304104417.0 |
| 008 |
250429c1999 xo 0 slo |
| 015 |
|
|
|a SNBRB2001/02-02507
|
| 035 |
|
|
|a CLN000098922
|
| 035 |
|
|
|a urn:nbn:sk:snk-ab6vnl
|
| 035 |
|
|
|a (uuid)e866fdc5-86e9-49f5-a45f-52ed0e6f72fe
|
| 035 |
|
|
|a (urnnbn)urn:nbn:sk:snk:ar-a060z3
|
| 035 |
|
|
|a (sysno)vtls000747092
|
| 040 |
|
|
|a SNKBUCL
|b slo
|c SNKBUCL
|e AACR2
|
| 041 |
0 |
|
|a slo
|
| 044 |
|
|
|a xo
|c SK
|
| 080 |
|
|
|a 613.262
|2 1997
|
| 100 |
1 |
|
|a Hričovský, Ivan,
|d 1932-2024
|4 aut
|9 100824
|
| 245 |
1 |
0 |
|a Ovocie a zelenina vo výžive ľudí
|c I. Hričovský, M. Valšíková
|
| 300 |
|
|
|b Tab.
|
| 650 |
0 |
7 |
|a výživa
|x ovocie
|x zelenina
|2 snkbucl
|9 1404402
|
| 650 |
0 |
7 |
|a zelenina
|x výživa
|2 snkbucl
|9 907502
|
| 650 |
0 |
7 |
|a ovocie
|x výživa
|2 snkbucl
|9 1389438
|
| 655 |
|
7 |
|a články z novín a časopisov
|2 snkbucl
|9 267496
|
| 700 |
1 |
|
|a Valšíková-Frey, Magdaléna,
|d 1947-
|4 aut
|9 193550
|
| 773 |
0 |
|
|t Výživa a zdravie
|g Roč. 44, č. 4 (1999), s. 86-87
|x 0042-9406
|
| 850 |
|
|
|a Slovenská národná knižnica
|
| 852 |
|
|
|a Slovenská národná knižnica
|
| 954 |
|
|
|a odborná, vedecká literatúra pôvodná (slovenská)
|2 lita
|
| 958 |
|
|
|a article27
|
| 958 |
|
|
|a MI
|
| 958 |
|
|
|a OND
|
| 958 |
|
|
|a EUIPO
|
| 992 |
|
|
|a RBX
|
| 999 |
|
|
|c 2851621
|d 2853551
|